000
00319nam a22001457a 4500
008
230914b ||||| |||| 00| 0 eng d
020
_a
9790801960030
041
_a
SHQIP
080
_2
2023
_a
781
082
_a
781HYS
100
_a
20
101
_a
MUZIK
245
_a
TEORIA E MUZIKES
_c
HYSENI.P.L
942
_2
udc
_c
BK
999
_c
60382
_d
60382